[Event "Athens Georgiou op 1st"]
[Site "Athens"]
[Date "2017.09.05"]
[Round "2"]
[White "Spyropoulos, Nikolaos"]
[Black "Tourkolias, Dimitrios"]
[Result "1-0"]
[WhiteElo "2108"]
[BlackElo "1662"]
[PlyCount "47"]
[EventDate "2017.09.04"]
[EventType "swiss"]
[EventRounds "9"]
[EventCountry "GRE"]
[SourceTitle "CBM 180 Extra"]
[Source "ChessBase"]
[SourceDate "2017.10.06"]
[SourceVersion "1"]
[SourceVersionDate "2017.10.06"]
[SourceQuality "1"]

1. e4 c5 2. Nf3 Nc6 3. d4 cxd4 4. Nxd4 Nf6 5. Nc3 d6 6. Bg5 e6 7. Qd3 a6 8. 0-0-0 Nxd4 9. Qxd4 Be7 10. Be2 Bd7 11. f4 Bc6 12. Rhe1 0-0 13. Bf3 Qa5 14. Kb1 b5 15. e5 dxe5 16. fxe5 Nd5 17. Bxd5 Bxg5 18. Bxc6 Rac8 19. Bf3 Rc4 20. Qf2 Rfc8 21. Re2 Rxc3 22. bxc3 Rxc3 23. Re4 Ra3 24. Qc5 1-0

[Event "Ambelokipi op 135th"]
[Site "Athens"]
[Date "2013.06.29"]
[Round "7"]
[White "Tourkolias, Dimitrios"]
[Black "Vazelakis, Dimitrios"]
[Result "1-0"]
[WhiteElo "1763"]
[BlackElo "1995"]
[PlyCount "85"]
[EventDate "2013.05.18"]
[EventType "swiss"]
[EventRounds "7"]
[EventCountry "GRE"]
[SourceTitle "EXT 2024"]
[Source "ChessBase"]
[SourceDate "2023.10.10"]
[SourceVersion "1"]
[SourceVersionDate "2023.10.10"]
[SourceQuality "1"]

1. e4 e6 2. d4 d5 3. Nc3 Nf6 4. Bg5 Be7 5. e5 Nfd7 6. Bxe7 Qxe7 7. f4 a6 8. Nf3 c5 9. dxc5 Qxc5 10. Qd4 Nc6 11. Qxc5 Nxc5 12. Bd3 b5 13. a3 b4 14. Ne2 bxa3 15. Rxa3 Rb8 16. Rc3 Nxd3+ 17. cxd3 Bd7 18. Kf2 Rxb2 19. Rhc1 Rb6 20. Ned4 Nxd4 21. Nxd4 0-0 22. Rc7 Bb5 23. Ke3 Rfb8 24. Nxb5 f6 25. Nd6 Rf8 26. Rc8 Rb8 27. Rxf8+ Kxf8 28. Rc8+ Rxc8 29. Nxc8 Kf7 30. Kd4 Kg6 31. g4 a5 32. h4 fxe5+ 33. fxe5 h5 34. Ne7+ Kf7 35. Nc6 hxg4 36. Nxa5 Kg6 37. Ke3 Kh5 38. Nc6 Kxh4 39. Kf2 Kh3 40. Kg1 Kg3 41. d4 Kf4 42. Nd8 Kf5 43. Kg2 1-0

[Event "Ambelokipi op 130th"]
[Site "Athens"]
[Date "2012.12.12"]
[Round "?"]
[White "Tourkolias, Dimitrios"]
[Black "Sienczewski, Zbigniew"]
[Result "0-1"]
[WhiteElo "1758"]
[BlackElo "2054"]
[PlyCount "70"]
[EventDate "2012.12.01"]
[EventType "swiss"]
[EventRounds "7"]
[EventCountry "GRE"]
[SourceTitle "EXT 2024"]
[Source "ChessBase"]
[SourceDate "2023.10.10"]
[SourceVersion "1"]
[SourceVersionDate "2023.10.10"]
[SourceQuality "1"]

1. e4 d6 2. d4 Nf6 3. Nc3 g6 4. Be3 c6 5. Qd2 b5 6. Bd3 Nbd7 7. Nf3 Qc7 8. d5 a6 9. dxc6 Qxc6 10. 0-0 Bb7 11. a4 b4 12. Nd5 Nxd5 13. exd5 Qxd5 14. Bd4 Ne5 15. Bxe5 dxe5 16. Rfe1 f6 17. Qxb4 e6 18. Qh4 Bg7 19. Rad1 Qc5 20. Be4 Bxe4 21. Qxe4 0-0 22. Rd7 Rab8 23. Rb7 f5 24. Rxg7+ Kxg7 25. Qxe5+ Qxe5 26. Rxe5 Rxb2 27. Rxe6 Rb1+ 28. Ne1 Kf7 29. Re3 Re8 30. Rxe8 Kxe8 31. Kf1 Ra1 32. Ke2 Rxa4 33. Nd3 Ke7 34. g3 Kd6 35. Kd2 Rc4 0-1

[Event "Nikaia op-B 20th"]
[Site "Nikaia"]
[Date "2012.09.01"]
[Round "8.4"]
[White "Laspas, Panagiotis"]
[Black "Tourkolias, Dimitrios"]
[Result "1/2-1/2"]
[WhiteElo "1615"]
[BlackElo "1762"]
[PlyCount "53"]
[EventDate "2012.08.26"]
[EventType "swiss"]
[EventRounds "9"]
[EventCountry "GRE"]
[SourceTitle "EXT 2024"]
[Source "ChessBase"]
[SourceDate "2023.10.10"]
[SourceVersion "1"]
[SourceVersionDate "2023.10.10"]
[SourceQuality "1"]

1. e4 c5 2. Nf3 Nc6 3. Bb5 g6 4. Bxc6 dxc6 5. c3 Qd3 6. Qe2 Qxe2+ 7. Kxe2 Bg7 8. d4 cxd4 9. cxd4 Bg4 10. Be3 0-0-0 11. Rd1 e5 12. dxe5 Rxd1 13. Kxd1 Bxe5 14. Nc3 b6 15. h3 Bxf3+ 16. gxf3 Nf6 17. Ke2 Rd8 18. a4 Nh5 19. Rc1 Nf4+ 20. Kf1 Nxh3 21. Ne2 g5 22. Rxc6+ Kb7 23. Rh6 Nf4 24. Bxf4 gxf4 25. Rxh7 Rd1+ 26. Kg2 Rd7 27. b4 1/2-1/2

[Event "Athens op 05"]
[Site "Athens"]
[Date "2012.05.23"]
[Round "6"]
[White "Tourkolias, Dimitrios"]
[Black "Nemtsas, Hristoforos"]
[Result "1-0"]
[WhiteElo "1773"]
[BlackElo "1889"]
[PlyCount "99"]
[EventDate "2012.05.05"]
[EventType "swiss"]
[EventRounds "7"]
[EventCountry "GRE"]
[SourceTitle "EXT 2014"]
[Source "ChessBase"]
[SourceDate "2013.11.20"]
[SourceVersion "1"]
[SourceVersionDate "2013.11.20"]
[SourceQuality "1"]

1. e4 c5 2. Nf3 d6 3. Bb5+ Nc6 4. 0-0 Bd7 5. c3 Nf6 6. Re1 a6 7. Bxc6 Bxc6 8. d4 Bxe4 9. Bg5 Bc6 10. Bxf6 gxf6 11. d5 Bd7 12. Nbd2 e5 13. dxe6 fxe6 14. Nh4 e5 15. Qh5+ Ke7 16. Ng6+ hxg6 17. Qxh8 Kf7 18. Ne4 Bf5 19. Rad1 Bxe4 20. Rxe4 f5 21. Re2 Bg7 22. Qh3 d5 23. Red2 d4 24. cxd4 cxd4 25. Qb3+ Kf6 26. f4 Ke7 27. Qxb7+ Kf8 28. fxe5 Bxe5 29. Qb4+ Qe7 30. Rxd4 Bxd4+ 31. Rxd4 a5 32. Qxe7+ Kxe7 33. Ra4 Rb8 34. b3 Rb5 35. h4 Kf6 36. Kf2 g5 37. g3 g4 38. Ke3 Re5+ 39. Kd3 Rd5+ 40. Rd4 Re5 41. Rd6+ Ke7 42. Ra6 Rd5+ 43. Ke3 Rc5 44. Kf4 Rb5 45. Kg5 Re5 46. Kg6 f4 47. Ra7+ Kf8 48. Rf7+ Kg8 49. Rxf4 Re6+ 50. Kg5 1-0

[Event "Corfu op"]
[Site "Corfu"]
[Date "2007.10.01"]
[Round "1"]
[White "Dettmann, Gerd"]
[Black "Tourkolias, Dimitrios"]
[Result "1-0"]
[WhiteElo "2166"]
[BlackElo "1872"]
[PlyCount "47"]
[EventDate "2007.10.01"]
[EventType "swiss"]
[EventRounds "9"]
[EventCountry "GRE"]
[SourceTitle "CBM 120 Extra"]
[Source "ChessBase"]
[SourceDate "2007.11.01"]
[SourceVersion "1"]
[SourceVersionDate "2007.11.01"]
[SourceQuality "1"]

1. e4 c5 2. Nf3 Nc6 3. d4 cxd4 4. Nxd4 Nf6 5. Nc3 d6 6. Be2 Nxd4 7. Qxd4 g6 8. Bg5 Bg7 9. Nd5 0-0 10. Bxf6 exf6 11. Qb4 f5 12. exf5 Bxf5 13. Ne3 a5 14. Qa3 Be6 15. 0-0 b5 16. Bxb5 Rb8 17. c4 d5 18. Rad1 Qc7 19. Nxd5 Bxd5 20. Rxd5 Rfd8 21. Rxd8+ Qxd8 22. b4 Ra8 23. Bc6 axb4 24. Qxa8 1-0

[Event "Pirgou Sphlios op 2nd"]
[Site "Greece"]
[Date "2007.08.18"]
[Round "5"]
[White "Masouros, Panagiotis"]
[Black "Tourkolias, Dimitrios"]
[Result "0-1"]
[WhiteElo "1855"]
[BlackElo "1475"]
[PlyCount "76"]
[EventDate "2007.08.16"]
[EventType "swiss"]
[EventRounds "7"]
[EventCountry "GRE"]
[SourceTitle "EXT 2008"]
[Source "ChessBase"]
[SourceDate "2007.11.25"]
[SourceVersion "1"]
[SourceVersionDate "2007.11.25"]
[SourceQuality "1"]

1. e4 c5 2. Nf3 Nc6 3. d4 cxd4 4. Nxd4 Nf6 5. Nc3 d6 6. Bg5 e6 7. Qd2 a6 8. 0-0-0 Bd7 9. f4 b5 10. Nxc6 Bxc6 11. e5 dxe5 12. fxe5 Qxd2+ 13. Rxd2 Nd7 14. Bf4 b4 15. Ne2 g6 16. Nd4 Bd5 17. Bd3 Nc5 18. Nf3 Nxd3+ 19. Rxd3 Bg7 20. Re1 0-0 21. g3 a5 22. Ng5 a4 23. a3 bxa3 24. Rxa3 Rfb8 25. Ne4 Rb4 26. Nc5 Bf8 27. Nd7 Be7 28. Rc3 Rb7 29. Nc5 Bxc5 30. Rxc5 Rab8 31. c4 Bf3 32. Re3 Bg4 33. h3 Bxh3 34. Re2 Bf5 35. Rd2 a3 36. Rb5 Rxb5 37. cxb5 Rc8+ 38. Kd1 a2 0-1

[Event "Pirgou Sphlios op 2nd"]
[Site "Greece"]
[Date "2007.08.18"]
[Round "6"]
[White "Tourkolias, Dimitrios"]
[Black "Volfson, Michail"]
[Result "1-0"]
[WhiteElo "1475"]
[BlackElo "1845"]
[PlyCount "51"]
[EventDate "2007.08.16"]
[EventType "swiss"]
[EventRounds "7"]
[EventCountry "GRE"]
[SourceTitle "EXT 2008"]
[Source "ChessBase"]
[SourceDate "2007.11.25"]
[SourceVersion "1"]
[SourceVersionDate "2007.11.25"]
[SourceQuality "1"]

1. e4 d5 2. exd5 Nf6 3. d4 Nxd5 4. Nf3 Bg4 5. h3 Bh5 6. g4 Bg6 7. c4 Nb6 8. Bg2 Nc6 9. Nc3 e6 10. b3 Bb4 11. Bb2 0-0 12. a3 Be7 13. h4 h5 14. d5 exd5 15. cxd5 Na5 16. Ne5 Bf6 17. Nxg6 Re8+ 18. Kf1 fxg6 19. gxh5 Bxh4 20. Qg4 g5 21. Ne4 Qd7 22. Rxh4 Qb5+ 23. Kg1 Nac4 24. Bd4 Qxb3 25. Qxg5 Ne5 26. Nf6+ 1-0

[Event "Ambelokipi op 70th"]
[Site "Athens"]
[Date "2006.05.08"]
[Round "1"]
[White "Poteas, Ioannis"]
[Black "Tourkolias, Dimitrios"]
[Result "1-0"]
[WhiteElo "2159"]
[BlackElo "1910"]
[PlyCount "62"]
[EventDate "2006.05.06"]
[EventType "swiss"]
[EventRounds "7"]
[EventCountry "GRE"]
[SourceTitle "EXT 2007"]
[Source "ChessBase"]
[SourceDate "2006.11.23"]
[SourceVersion "1"]
[SourceVersionDate "2006.11.23"]
[SourceQuality "1"]

1. d4 Nf6 2. Nc3 d5 3. Bg5 Nbd7 4. Nf3 g6 5. e3 Bg7 6. Bd3 0-0 7. 0-0 c5 8. Re1 b6 9. e4 dxe4 10. Nxe4 cxd4 11. Nxd4 Bb7 12. c3 Nxe4 13. Bxe4 Bxe4 14. Rxe4 Nf6 15. Re1 Qd5 16. Nf3 Qb7 17. Qa4 Rfd8 18. Qh4 Rd7 19. Ne5 Rd5 20. c4 Rd6 21. Nf3 Rad8 22. Bf4 Rd3 23. Be3 R3d6 24. c5 bxc5 25. Bxc5 R6d7 26. Ne5 Rc7 27. b4 Rd2 28. Qf4 Rd5 29. Rad1 e6 30. Ng4 Nxg4 31. Rxd5 Rxc5 1-0

[Event "Ambelokipi op 66th"]
[Site "Athens"]
[Date "2005.12.03"]
[Round "5"]
[White "Tourkolias, Dimitrios"]
[Black "Sideris, Theodoros"]
[Result "0-1"]
[WhiteElo "1908"]
[BlackElo "2058"]
[PlyCount "92"]
[EventDate "2005.09.18"]
[EventType "swiss"]
[EventRounds "5"]
[EventCountry "GRE"]
[SourceTitle "EXT 2007"]
[Source "ChessBase"]
[SourceDate "2006.11.23"]
[SourceVersion "1"]
[SourceVersionDate "2006.11.23"]
[SourceQuality "1"]

1. e4 c5 2. Nf3 Nc6 3. d4 cxd4 4. Nxd4 g6 5. c4 Bg7 6. Be3 Nf6 7. Nc3 0-0 8. Rc1 d6 9. Qd2 Ng4 10. Nxc6 bxc6 11. Bg5 f6 12. Bh4 Bh6 13. Qc2 Bxc1 14. Qxc1 Kg7 15. Be2 f5 16. f3 Ne5 17. 0-0 Be6 18. b3 f4 19. Bg5 Qa5 20. Bxe7 Qc5+ 21. Kh1 Rf7 22. Bh4 h6 23. Qd2 g5 24. Na4 Qa3 25. Bf2 Rd7 26. Bd4 c5 27. Bc3 Kg6 28. g3 Rf8 29. Rg1 Kh7 30. Bd1 fxg3 31. Rxg3 Rf4 32. Qc2 Nc6 33. Qb1 Nb4 34. Bxb4 Qxb4 35. e5+ Kg7 36. Bc2 dxe5 37. Rg1 Rd2 38. Bh7 Bf7 39. Rg4 Rxg4 40. fxg4 Qb7+ 41. Be4 Qd7 42. Nc3 Qxg4 43. Qe1 Qf4 44. Bg2 Rc2 45. h3 Rc1 46. Nd1 Bh5 0-1

[Event "Attica-ch op"]
[Site "Attica"]
[Date "2003.05.05"]
[Round "1"]
[White "Moutousis, Konstantinos"]
[Black "Tourkolias, Dimitrios"]
[Result "1-0"]
[WhiteElo "2466"]
[BlackElo "1968"]
[PlyCount "79"]
[EventDate "2003.05.??"]
[EventType "swiss"]
[EventRounds "9"]
[EventCountry "GRE"]
[SourceTitle "EXT 2005"]
[Source "ChessBase"]
[SourceDate "2004.11.15"]
[SourceVersion "1"]
[SourceVersionDate "2004.11.15"]
[SourceQuality "1"]

1. e4 e5 2. Nf3 Nf6 3. d3 Nc6 4. c3 d5 5. Nbd2 Be7 6. Be2 0-0 7. 0-0 Re8 8. Re1 a6 9. a4 Bf8 10. Qc2 h6 11. Rb1 Rb8 12. Ra1 Ra8 13. Bd1 Qd6 14. Qb1 b6 15. exd5 Qxd5 16. Ne4 Qd8 17. b4 Bb7 18. Bb3 Nxe4 19. dxe4 Bd6 20. a5 bxa5 21. bxa5 Rb8 22. Qa2 Qf6 23. h3 Ne7 24. Nh2 Ng6 25. g3 Bc8 26. Ng4 Qe7 27. Kg2 Rd8 28. Bc4 Be6 29. Ne3 Bxc4 30. Qxc4 Ra8 31. Rb1 Qd7 32. Nd5 Ne7 33. Rd1 Nxd5 34. Rxd5 Qc8 35. Qc6 Qd7 36. Qc4 Kf8 37. Be3 Qe6 38. Rb7 Qc8 39. Qc6 Qd7 40. Rxd6 1-0